Score 0/20 Timer 02:00
17 Plays Today
% Correct
Madagascar
96.2%
Somalia
93.9%
Sudan
92.6%
Kenya
92.3%
Ethiopia
91.9%
South Sudan
89.2%
Tanzania
83.9%
Eritrea
83.6%
Rwanda
83.1%
Uganda
81%
% Correct
Yemen
80%
Djibouti
79.3%
Zimbabwe
79%
Mozambique
77.7%
Zambia
75.5%
Democratic Republic of the Congo
73.3%
Malawi
69.8%
Burundi
67.5%
Comoros
62.5%
Seychelles
61.1%
Remove Ads.
Support Sporcle.
Get the best of Sporcle when you Go Orange. This ad-free experience offers more features, more stats, and more fun while also helping to support Sporcle. Thank you for becoming a member.

You're not logged in!

Compare scores with friends on all Sporcle quizzes.
OR
Log In

Show Comments

Extras

Top Quizzes Today


Score Distribution

Your Account Isn't Verified!

In order to create a playlist on Sporcle, you need to verify the email address you used during registration. Go to your Sporcle Settings to finish the process.

Report this User

Report this user for behavior that violates our Community Guidelines.

Details: